Sports Quiz

Random Sports Quiz
Score 0/39 Timer 10:00
0 Plays Today
Year Boxer % Correct
1972Muhammad Ali and Carlos Monzon
98.2%
1974Muhammad Ali
98.2%
1975Muhammad Ali
98.2%
1978Muhammad Ali
98.2%
1986Mike Tyson
92.9%
1988Mike Tyson
92.9%
1973George Foreman
90.3%
1976George Foreman
90.3%
1998Floyd Mayweather jr
90.3%
2007Floyd Mayweather jr
90.3%
1979Sugar Ray Leonard
83.2%
1981Sugar Ray Leonard
83.2%
1970Joe Frazier
82.3%
1971Joe Frazier
82.3%
1995Oscar Dela Hoya
80.5%
2006Manny Pacquiao
78.8%
2008Manny Pacquiao
78.8%
1987Evanger Holyfield
77.9%
1996Evanger Holyfield
77.9%
1997Evanger Holyfield
77.9%
Year Boxer % Correct
1994Roy Jones jr
76.1%
1983Marvin Hagler
69.9%
1985Marvin Hagler and Donald Curry
69.9%
1980Thomas Hearns
66.4%
1984Thomas Hearns
66.4%
2001Bernard Hopkins
66.4%
1990Julio César Chávez
54.9%
1982Larry Holmes
54%
2005Ricky Hatton
53.1%
2000Félix Trinidad
44.2%
1989Pernell Whitaker
43.4%
1992Riddick Bowe
40.7%
1991James Toney
35.4%
2003James Toney
35.4%
2004Glen Johnson
29.2%
2002Vernon Forrest
17.7%
1999Paulie Ayala
12.4%
1993Michael Carbajal
9.7%
1977Carlos Zarate
8%

You're not logged in!

Compare scores with friends on all Sporcle quizzes.
OR
Log In

Sporcle TV

Today on Sporcle TV


Watch our educational content, quiz creation guides, and fun videos on Sporcle TV.

Show Comments

Extras

Top Quizzes Today


Score Distribution

Paid Content

Your Account Isn't Verified!

In order to create a playlist on Sporcle, you need to verify the email address you used during registration. Go to your Sporcle Settings to finish the process.

Report this User

Report this user for behavior that violates our Community Guidelines.

Details: